Normal view MARC view

Entry Personal Name

Number of records used in: 4

001 - CONTROL NUMBER

  • control field: 30766

003 - CONTROL NUMBER IDENTIFIER

  • control field: dpl

005 - DATE AND TIME OF LATEST TRANSACTION

  • control field: 20110802112206.0

008 - FIXED-LENGTH DATA ELEMENTS

  • fixed length control field: 110802|||a|||||| | ||| d

040 ## - CATALOGING SOURCE

  • Original cataloging agency: dpl
  • Transcribing agency: dpl

100 ## - HEADING--PERSONAL NAME

  • Personal name: Basu, Aparna

670 ## - SOURCE DATA FOUND

  • Source citation: Work cat.: (dpl)11122: In so many words:, 2008

670 ## - SOURCE DATA FOUND

  • Source citation: Work cat.: (dpl)11122: In so many words:, 2008

© Delhi Public Library
Hit Counter
free hit counter